000 01123cam a22002294i 4500
999 _c57984
_d57984
001 18367318
005 20221111113657.0
008 141110s2015 enk b 001 0 eng
020 _a9781137378439x
041 _aeng
080 _a32(4) Th-44
245 0 4 _aThe EU and the non-proliferation of nuclear weapons :
_bstrategies, policies, actions /
_cedited by Spyros Blavoukos, Dimitrios Bourantonis, Clara Portela.
264 1 _aNew York, NY :
_bPalgrave Macmillan,
_c2015.
300 _axvi, 264 pages ;
_c23 cm.
653 _aThe EU and the non-proliferation of nuclear weapons : strategies, policies, actions
653 _aევროკავშირი და ბირთვული იარაღის გაუვრცელებლობა : სტრატეგიები, პოლიტიკა, ქმედებები
653 _aპოლიტიკა
700 1 _aBlavoukos, Spyros.
_911400
_eრედაქტორი
700 1 _aBourantonis, Dimitris
_911401
_eრედაქტორი
700 1 _aPortela, Clara.
_911402
_eრედაქტორი
942 _2udc
_cBK